| 000 | 00400nam a2200157Ia 4500 | ||
|---|---|---|---|
| 008 | 220216s9999 xx 000 0 und d | ||
| 100 | _aSekaran Nair | ||
| 245 | 0 | _aNew presentation rubbers : SMR market reaction and future requirements | |
| 260 |
_bPlanters Bulletin _c1970 |
||
| 300 | _a200-209 | ||
| 650 | _aRubber | ||
| 650 | _aSMR | ||
| 700 | _aHing L T | ||
| 700 | _aWeng S S | ||
| 942 | _cJS | ||
| 999 |
_c63876 _d63876 |
||